| 000 | 00692nam a2200217 a 4500 | ||
|---|---|---|---|
| 001 | 65541 | ||
| 003 | BD-RjUL | ||
| 005 | 20211209081434.0 | ||
| 008 | 170308s1954 caua b 001 0 eng | ||
| 035 | _a(BD-RjUL)65671) | ||
| 040 |
_aDLC _cDLC _dBD-RjUL _beng |
||
| 041 | _aeng | ||
| 082 | 0 | 0 |
_a821.4 _223 _bYOJ 1954 |
| 100 |
_aYoung, Kenneth _9193934 |
||
| 245 | 1 | 0 |
_aJohn Dryden : _ba tercentenary miscellany / _cKenneth Young |
| 260 |
_aSan Marino, Calif. : _bHuntington Library, _c1954 |
||
| 300 |
_avii, 240 p. : _bill. ; _c26 cm. |
||
| 504 | _aIncludes bibliographical references and index | ||
| 600 | 1 | 0 |
_aDryden, John, _d1631-1700 _xCriticism and interpretation. _9240580 |
| 942 |
_2ddc _cBK |
||
| 999 |
_c65541 _d65541 |
||